000
00178nam a2200073Ia 4500
008
170524s9999 xx 000 0 und d
100
_a
BAJAJ
245
0
_a
ELECTRONIC COMMERCE
260
_b
VRINDA PUBLICATION DELHI
999
_c
7945
_d
7945